000 00291nam a22001337a 4500
008 180127b xxu||||| |||| 00| 0 eng d
020 _a9781416000464
041 _aeng
080 _a616
100 _a4
101 _aSHM
245 _a2004 ICD-9-CM AND HCPCS
_cBuck ,C.J
942 _2udc
_cBK
999 _c41072
_d41072